|
|
|
|
| LEADER |
00666nam a2200193 a 4500 |
| 001 |
000664616 |
| 003 |
CZ BrMZK |
| 005 |
20030415102219.0 |
| 008 |
030402s1900 au f ger d |
| 040 |
|
|
|a BOA001
|b cze
|c BOA001
|
| 100 |
1 |
|
|a Zahálka, Čeněk,
|d 1856-1938
|7 jk01151894
|4 aut
|
| 245 |
1 |
0 |
|a Über die Schichtenfolge der westböhmischen Kreideformation /
|c von Čeněk Zahálka
|
| 260 |
|
|
|a Wien :
|b Lechner,
|c 1900
|
| 300 |
|
|
|a 1 sv.
|
| 500 |
|
|
|a Separát z: Jahrbuch der k.k. geolog. Reichsanstalt, 1900
|
| 910 |
|
|
|a BOA001
|b TK-0011.056
|
| 990 |
|
|
|a BK
|
| 993 |
|
|
|a Y
|
| 996 |
6 |
|
|b BC-88195
|c TK-0011.056
|l MZK
|r Sklad / do 24 hodin
|n 0
|w 000664616
|u 000010
|a 1
|e BOA001
|j MZK50
|s P
|